| 000 | 00796cab a2200229 4500 | ||
|---|---|---|---|
| 001 | WB3107-24 | ||
| 008 | 090401t1995 xxu||||| |||| 00| 0 eng d | ||
| 035 | _a(Sirsi) u3310 | ||
| 041 | _aeng | ||
| 245 | _aCause cannot postdate effect | ||
| 260 | _c1995 | ||
| 350 | _a0 | ||
| 490 |
_aTimes _v16 February 1995, 36(1) |
||
| 520 | _a"R v Islington LBC, ex parte Hassan" QBD 18 January 1995. The applicant was made homeless following an order for possession and any subsequent actions by the applicant could not be represented by the council as demonstrating intentional homelessness. | ||
| 650 | _aHOMELESSNESS | ||
| 650 | _aHOUSING ACT 1985 S58 | ||
| 650 | _aHOUSING ACT 1985 S60 | ||
| 650 | _aINTENTIONALLY HOMELESS | ||
| 690 | _aHOUSING-CASE LAW | ||
| 942 | _n0 | ||
| 948 | _c04/03/1997 | ||
| 999 |
_c2022 _d2022 |
||